Economía, trabajo y sociedad : memoria sobre la situación socioeconómica y laboral : España 2001 (Registro nro. 49782)
[ vista simple ]
| 000 -CABECERA | |
|---|---|
| Longitud fija campo de control | 01848nam a2200373 i 4500 |
| 001 - NÚMERO DE CONTROL | |
| Número de control | 49782 |
| 003 - IDENTIFICADOR DE NÚMERO DE CONTROL | |
| Identificador del número de control | ES-MaCES |
| 005 - FECHA Y HORA DE LA ÚLTIMA TRANSACCIÓN | |
| Fecha y hora de la última transacción | 20210726124755.0 |
| 007 - PHYSICAL DESCRIPTION FIXED FIELD--GENERAL INFORMAT | |
| Campo fijo de descripción física | cr ||||||||||| |
| 008 - CAMPO FIJO DE DESCRIPCIÓN FIJA--INFORMACIÓN GENERAL | |
| Códigos de información de longitud fija | 170728s2002 sp |||| o000|| espd |
| 040 ## - FUENTE DE CATALOGACIÓN | |
| Centro catalogador de origen | ES-MaCES |
| Lengua de catalogación | spa |
| Centro transcriptor | ES-MaCES |
| 245 00 - MENCIÓN DE TÍTULO | |
| Título | Economía, trabajo y sociedad : memoria sobre la situación socioeconómica y laboral : España 2001 |
| 300 ## - DESCRIPCIÓN FÍSICA | |
| Extensión | XX, 757 p. (2,68 mb) |
| 500 ## - NOTA GENERAL | |
| Nota general | La presentación del borrador de la Memoria socieconómica y laboral de 2001 fue en la sesión ordinaria del Pleno del CES, celebrada el 22 de mayo de 2002. En esta sesión ordinaria del Pleno se realizarón todas las intervenciones de ponentes e intervinientes. La aprobación de la memoria se llevó a cabo en la sesión extraordinaria del Pleno del CES, celebrada el 29 de mayo de 2002 |
| 500 ## - NOTA GENERAL | |
| Nota general | Tít. del Acta: Memoria socieconómica y laboral de la nación, año 2001 |
| 593 ## - CES. DATOS DICTAMEN | |
| Comisión de trabajo | Memoria sobre la Situación Socioeconómica y Laboral de España |
| Fecha dictamen | 20020529 |
| Identificador | MEM-2001 |
| Tipo trámite | Urgente |
| Tipo sesión | Pleno extraordinario |
| Votos aprobados | Presentes (39): (36) sí, (2) no, (1) abst. |
| 650 #4 - ASIENTO SECUNDARIO DE MATERIA--TÉRMINO DE MATERIA | |
| Término de materia o nombre geográfico como elemento inicial | economía |
| 9 (RLIN) | 26781 |
| 650 #4 - ASIENTO SECUNDARIO DE MATERIA--TÉRMINO DE MATERIA | |
| Término de materia o nombre geográfico como elemento inicial | condiciones económicas |
| 9 (RLIN) | 27081 |
| 650 #4 - ASIENTO SECUNDARIO DE MATERIA--TÉRMINO DE MATERIA | |
| Término de materia o nombre geográfico como elemento inicial | trabajo |
| 9 (RLIN) | 28289 |
| 650 #4 - ASIENTO SECUNDARIO DE MATERIA--TÉRMINO DE MATERIA | |
| Término de materia o nombre geográfico como elemento inicial | condiciones de trabajo |
| 9 (RLIN) | 28327 |
| 650 #4 - ASIENTO SECUNDARIO DE MATERIA--TÉRMINO DE MATERIA | |
| Término de materia o nombre geográfico como elemento inicial | sociedad |
| 9 (RLIN) | 27269 |
| 650 #4 - ASIENTO SECUNDARIO DE MATERIA--TÉRMINO DE MATERIA | |
| Término de materia o nombre geográfico como elemento inicial | condiciones sociales |
| 9 (RLIN) | 30469 |
| 650 #4 - ASIENTO SECUNDARIO DE MATERIA--TÉRMINO DE MATERIA | |
| Término de materia o nombre geográfico como elemento inicial | condiciones de vida |
| 9 (RLIN) | 27111 |
| 650 #4 - ASIENTO SECUNDARIO DE MATERIA--TÉRMINO DE MATERIA | |
| Término de materia o nombre geográfico como elemento inicial | España |
| 9 (RLIN) | 26964 |
| 650 14 - ASIENTO SECUNDARIO DE MATERIA--TÉRMINO DE MATERIA | |
| Término de materia o nombre geográfico como elemento inicial | 2001 |
| 9 (RLIN) | 31582 |
| 653 10 - TÉRMINO DE INDEXACIÓN--NO CONTROLADO | |
| Término no controlado | Condiciones económicas |
| 700 1# - ENCABEZAMIENTO SECUNDARIO--NOMBRE PERSONAL | |
| Nombre de persona | Pérez de los Cobos Orihuel, Francisco |
| Término indicativo de función | ponente |
| 9 (RLIN) | 20747 |
| 700 1# - ENCABEZAMIENTO SECUNDARIO--NOMBRE PERSONAL | |
| 9 (RLIN) | 16114 |
| Nombre de persona | Lama-Noriega Cardús, Enrique de la |
| Término indicativo de función | interviniente |
| 700 1# - ENCABEZAMIENTO SECUNDARIO--NOMBRE PERSONAL | |
| 9 (RLIN) | 13683 |
| Nombre de persona | Gómez Sánchez, Valeriano |
| Término indicativo de función | interviniente |
| 700 1# - ENCABEZAMIENTO SECUNDARIO--NOMBRE PERSONAL | |
| 9 (RLIN) | 11650 |
| Nombre de persona | Faura Ventosa, Ignasi |
| Término indicativo de función | interviniente |
| 856 4# - ACCESO ELECTRÓNICO | |
| Identificador Uniforme del Recurso (URI) | <a href="http://www.ces.es/documents/MEM/2001/01">http://www.ces.es/documents/MEM/2001/01</a> |
| Texto del enlace | texto completo |
| 902 ## - CES. TIPO DE DOCUMENTO | |
| Tipodoc (006$c Sirtex) | Memoria CES |
| 942 ## - ELEMENTOS KOHA | |
| Fuente de clasificaión o esquema | Clasificación propia del CES |
| Koha [por defecto] tipo de item | Dictámenes/Informes/Memorias CES |
| Parte de clasificación | Economía |
No hay ítems disponibles.
